000 00689cam a22002533a 4500
001 3191
003 PGUSA
005 20140828083027.0
008 040917s2004||||xxu|||||s|||||000 i eng d
040 _aPGUSA
_beng
042 _adc
050 4 _aPS
100 1 _aTwain, Mark,
_d1835-1910
245 1 0 _aGoldsmith's Friend Abroad Again
_h[electronic resource] /
_cMark Twain
260 _bProject Gutenberg,
_c2004
506 _aPublic domain in the USA.
516 _aElectronic text
653 _aUnited States -- Fiction
653 _aSatire
653 _aImaginary letters
830 0 _aProject Gutenberg
_v3191
856 4 0 _uhttp://www.gutenberg.org/ebooks/3191
942 _cEB
999 _c232520
_d232520